Out of Africa. (Record no. 203)
[ view plain ]
| 000 -LEADER | |
|---|---|
| fixed length control field | 00676cam a22002411 4500 |
| 005 - DATE AND TIME OF LATEST TRANSACTION | |
| control field | 20260322212010.0 |
| 008 - FIXED-LENGTH DATA ELEMENTS--GENERAL INFORMATION | |
| fixed length control field | data |
| 010 ## - LIBRARY OF CONGRESS CONTROL NUMBER | |
| LC control number | 38027201 |
| 040 ## - CATALOGING SOURCE | |
| Original cataloging agency | DLC |
| Transcribing agency | ODaWU |
| Modifying agency | DLC |
| -- | DLC |
| 042 ## - AUTHENTICATION CODE | |
| Authentication code | premarc |
| 050 00 - LIBRARY OF CONGRESS CALL NUMBER | |
| Classification number | DT434.E2 |
| Item number | B6 1938 |
| 082 ## - DEWEY DECIMAL CLASSIFICATION NUMBER | |
| Classification number | 916.76 |
| 099 ## - LOCAL FREE-TEXT CALL NUMBER (OCLC) | |
| Classification number | DINEI |
| 001 - CONTROL NUMBER | |
| control field | data |
| 100 1# - MAIN ENTRY--PERSONAL NAME | |
| Personal name | Dinesen, Isak, |
| Dates associated with a name | 1885-1962. |
| 245 10 - TITLE STATEMENT | |
| Title | Out of Africa. |
| Statement of responsibility, etc. | Isak Dinesen. |
| 260 ## - PUBLICATION, DISTRIBUTION, ETC. | |
| Place of publication, distribution, etc. | New York, |
| Name of publisher, distributor, etc. | Random House |
| Date of publication, distribution, etc. | [c1938] |
| 300 ## - PHYSICAL DESCRIPTION | |
| Extent | ix, 389 p. |
| Other physical details | 22 cm. |
| 500 ## - GENERAL NOTE | |
| General note | Author's pseud., Isak Dinesen, at head of title. |
| 500 ## - GENERAL NOTE | |
| General note | An account of the author's life on a coffee farm in Kenya. |
| 650 #0 - SUBJECT ADDED ENTRY--TOPICAL TERM | |
| Topical term or geographic name entry element | Country life |
| Geographic subdivision | Kenya. |
| 650 #0 - SUBJECT ADDED ENTRY--TOPICAL TERM | |
| Topical term or geographic name entry element | Indigenous peoples |
| Geographic subdivision | Kenya. |
| Withdrawn status | Lost status | Damaged status | Not for loan | Home library | Current library | Shelving location | Date acquired | Total checkouts | Full call number | Barcode | Date last seen | Price effective from | Koha item type |
|---|---|---|---|---|---|---|---|---|---|---|---|---|---|
| Centerville | Centerville | General stacks | 22/03/2026 | 916.76 | BC0010210 | 22/03/2026 | 22/03/2026 | Books |